| 000 | 01102nam a2200277 a 4500 | ||
|---|---|---|---|
| 001 | 000022649 | ||
| 003 | DO-SdBNP | ||
| 005 | 20250313114541.0 | ||
| 008 | 101014s1985 sp 000 0 spa d | ||
| 020 | _a840145025X | ||
| 040 |
_aDO-SdBNP _bspa _cBNPHU |
||
| 049 | _aBNPD | ||
| 082 | 4 |
_a972.91064 _bM764f, 1985 _222 |
|
| 100 | 1 |
_aMontaner, Carlos Alberto _d1943- _932455 |
|
| 245 | 1 | 0 |
_aFidel Castro y la revolución cubana / _cCarlos Alberto Montaner. |
| 250 | _a2a ed. | ||
| 260 |
_aBarcelona, : _bPlaza & Janes Editores, _c1985. |
||
| 300 |
_a280 p. ; _c19 cm. |
||
| 490 | 1 |
_aTribuna de Plaza & Janés, historia _v30 |
|
| 500 | _aIncluye datos biográficos del autor en la contraportada | ||
| 500 | _aUn estudio de la reciente historia de Cuba, así como una explicación de la influencias de la personalidad de Castro en curso de los acontecimientos cubano. Obra escrita con rigor y originalidad de análisis | ||
| 600 | 1 | 0 |
_aCastro, Fidel _d 1926-2016 _916971 |
| 651 | 0 |
_aCuba _xHistoria _y1959-2016 _987196 |
|
| 830 | 0 |
_aTribuna de Plaza & Janés, historia _v30 _946611 |
|
| 942 |
_2ddc _cLBS1 |
||
| 999 |
_c22146 _d22146 |
||